Länderflaggen mit dem Kreuz des Südens - Statistiken

Allgemein
  • Dieses Quiz wurde 12.080 mal gespielt
  • Das Durchschnittsergebnis liegt bei 3 aus 5
Antwortstatistiken
Bildquiz Antwort % Korrekt
Australien
98%
Neuseeland
98%
Papua-Neuguinea
79%
Samoa
57%
Brasilien
17%
Keine übereinstimmenden Quizze gefunden
Verteilung der Resultate
Anzahl Personen mit jedem Resultat
Perzentil nach korrekt beantworteten Fragen
Ihre Resultats-Entwicklung
Sie haben dieses Quiz noch nicht gespielt